Sborník přednášek. Sekce č.18-Strojírenské technologie : Zaměření-obrábění : Konf. Ostrava. září 1995

Salvato in:
Dettagli Bibliografici
Natura: Libro
Lingua:ceco
Pubblicazione: Ostrava : Vysoká škola báňská - Technická univerzita v Ostravě, 1995
Soggetti:
Tags: Aggiungi Tag
Nessun Tag, puoi essere il primo ad aggiungerne!!

MARC

LEADER 00000nam a22000003a 4500
001 stu45003
005 20150408182548.9
008 950928s1995----cs------------------cze-d
040 |a STU  |b slo 
041 0 |a cze 
044 |a cs 
080 |a 621.9(082) 
245 |a Sborník přednášek. Sekce č.18-Strojírenské technologie :  |b Zaměření-obrábění : Konf. Ostrava. září 1995 
260 |a Ostrava :  |b Vysoká škola báňská - Technická univerzita v Ostravě,  |c 1995 
300 |a 162 s 
650 7 |a obrábanie  |2 stusub 
650 7 |a zborníky  |2 stusub 
996 |b MZ 912  |c M*Z-912  |l MMKN  |s A  |a 24  |w stu45003_0001